Welcome to CU Library Online Public Access Catalogue (OPAC)

New Perspectives on Microsoft Access 2000/ (Record no. 941)

MARC details
000 -LEADER
fixed length control field 00616nam a22001817a 4500
005 - DATE AND TIME OF LATEST TRANSACTION
control field 20241108180715.0
008 - FIXED-LENGTH DATA ELEMENTS--GENERAL INFORMATION
fixed length control field 241108b |||||||| |||| 00| 0 eng d
020 ## - INTERNATIONAL STANDARD BOOK NUMBER
International Standard Book Number 9780619044305
050 ## - LIBRARY OF CONGRESS CALL NUMBER
Classification number QA76.9
Item number .D3A33933
100 ## - MAIN ENTRY--PERSONAL NAME
Personal name Adamski, Joseph J.
245 ## - TITLE STATEMENT
Title New Perspectives on Microsoft Access 2000/
Remainder of title Comprehensive Enhanced
Statement of responsibility, etc. Joseph J. Adamski, Charles Hommel & Kathleen T. Finnegan
260 ## - PUBLICATION, DISTRIBUTION, ETC.
Place of publication, distribution, etc. Australia
Name of publisher, distributor, etc. Course Technology Thomson Learning
Date of publication, distribution, etc. 2001
300 ## - PHYSICAL DESCRIPTION
Extent various pagings
Other physical details ill. color
Dimensions 27.5cm
650 ## - SUBJECT ADDED ENTRY--TOPICAL TERM
Source of heading or term Microsoft
700 ## - ADDED ENTRY--PERSONAL NAME
Personal name Hommel, Charles
700 ## - ADDED ENTRY--PERSONAL NAME
Personal name Finnegan, Kathleen T.
942 ## - ADDED ENTRY ELEMENTS (KOHA)
Source of classification or shelving scheme Library of Congress Classification
Koha item type Books
Suppress in OPAC No
999 ## -
-- 941
-- 941
Holdings
Withdrawn status Lost status Source of classification or shelving scheme Damaged status Not for loan Collection Home library Current library Shelving location Date acquired Total checkouts Full call number Barcode Date last seen Copy number Price effective from Koha item type
    Library of Congress Classification     Non-fiction Science Library (Miotso) Science Library (Miotso) General stacks 11/08/2024   QA76.9 .D3A33933 ADA SLM00000536 11/08/2024 1 11/08/2024 Books
© 2023-2024 Copyright: Central University Libraries. All Rights Reserved | Created by: Mahone Tech Office